| 000 -LEADER |
| fixed length control field |
00664cam a22002411 4500 |
| 001 - CONTROL NUMBER |
| control field |
2655483 |
| 005 - DATE AND TIME OF LATEST TRANSACTION |
| control field |
20180215091606.0 |
| 008 - FIXED-LENGTH DATA ELEMENTS--GENERAL INFORMATION |
| fixed length control field |
700316s1966 enkcf b 000 0 eng |
| 010 ## - LIBRARY OF CONGRESS CONTROL NUMBER |
| LC control number |
70355517 |
| 015 ## - NATIONAL BIBLIOGRAPHY NUMBER |
| National bibliography number |
B66-20885 |
| 040 ## - CATALOGING SOURCE |
| Original cataloging agency |
DLC |
| Transcribing agency |
DLC |
| Modifying agency |
DLC |
| 041 ## - LANGUAGE CODE |
| Language code of text/sound track or separate title |
eng |
| 043 ## - GEOGRAPHIC AREA CODE |
| Geographic area code |
e-uk-en |
| 080 ## - UNIVERSAL DECIMAL CLASSIFICATION NUMBER |
| Universal Decimal Classification number |
942.1066 JOH |
| 082 00 - DEWEY DECIMAL CLASSIFICATION NUMBER |
| Classification number |
942.1066 JOH |
| 100 ## - Rafti |
| Rafti |
44 |
| 101 ## - Shkurtesa |
| Shkurtesa |
ART |
| 245 00 - TITLE STATEMENT |
| Title |
1666 and other London fires: |
| 350 ## - PRICE (NR) (BK AM CF MU VM SE) [OBSOLETE] |
| Price |
1/- |
| 504 ## - BIBLIOGRAPHY, ETC. NOTE |
| Bibliography, etc |
Bibliography: p. 16. |
| 906 ## - LOCAL DATA ELEMENT F, LDF (RLIN) |
| a |
7 |
| b |
cbc |
| c |
orignew |
| d |
u |
| e |
ncip |
| f |
19 |
| g |
y-gencatlg |
| 942 ## - ADDED ENTRY ELEMENTS (KOHA) |
| Source of classification or shelving scheme |
|
| Item type |
Books |